Em phải đến Harvard học kinh tế

Guardat en:
Dades bibliogràfiques
Autor principal: Lưu Vệ Hoa
Format: Llibre
Idioma:Undetermined
Publicat: Hà Nội Văn hóa Thông tin 2003
Matèries:
Etiquetes: Afegir etiqueta
Sense etiquetes, Sigues el primer a etiquetar aquest registre!
Thư viện lưu trữ: Trung tâm Học liệu Trường Đại học Cần Thơ
LEADER 00573nam a2200193Ia 4500
001 CTU_65070
008 210402s9999 xx 000 0 und d
020 |b 59000 
082 |a 649.157951 
082 |b H401 
100 |a Lưu Vệ Hoa 
245 0 |a Em phải đến Harvard học kinh tế 
245 0 |c Lưu Vệ Hoa, Trương Hán Vũ 
260 |a Hà Nội 
260 |b Văn hóa Thông tin 
260 |c 2003 
650 |a rearing of children,training of children 
904 |i Năm 
980 |a Trung tâm Học liệu Trường Đại học Cần Thơ